L'architecture à Rome et ses monuments - Statistiques

Statistiques générales
  • Ce quiz a été pris 262 fois
  • Le résultat moyen est 7 sur 15
Statistiques - réponses
Question Réponse % Correct
Dans quel monument situé à Rome peut-on prier tous les dieux? Le panthéon
82%
Où avaient lieu les courses de chars? Le cirque
79%
Comment s'appelle le réseau d'égouts romain, encore utilisé aujourd'hui? La cloaca maxima
64%
En quelle année fut achevé le Colisée de Rome? 80 ap J.-C.
57%
Sur quel monument peut-on voir le récit de la campagne de Dacie entre 101 et 106 ap. J.-C? La colonne Trajane
57%
Comment s'appelle le port de Rome? Ostie
57%
Quels matériaux étaient privilégiés par les romains pour leurs habitations? La brique cuite, le béton et le bois
48%
Dans quel lieu se réunissaient les sénateurs? La curie
46%
Sur quelle colline de Rome étaient situés le temple de Jupiter, la roche Tarpéienne ou le Tabularium? Le Capitole
45%
Qui fit construire le premier théâtre en pierre de Rome? Pompée le Grand
43%
D'ailleurs, d'où vient son nom? (cf question précédente) D'un colosse à l’effigie de Néron installé sur son parvis
40%
Laquelle de ces merveilles du monde n'existait déjà plus lors de la conquête romaine des lieux? Le Colosse de Rhodes
36%
Où les musiciens et les chanteurs se produisaient-ils? Dans un odeum
28%
En quoi fut transformé le Colisée au Moyen-Age? En micro-ville
21%
Laquelle de ces villes fut fondée par les romains? Londinium (Londres, Angleterre)
21%
Aucun quiz correspondant
Distribution des résultats
% des personnes avec chaque résultat
Percentile par nombre de réponses
Votre historique - résultats
Vous n’avez pas pris ce quiz